[Event "21MCRW_F"]
[Site "?"]
[Date "2009.??.??"]
[Round "?"]
[White "Blecha, Miroslav"]
[Black "Bucek, Jirí"]
[Result "1/2-1/2"]
[WhiteElo "2387"]
[BlackElo "2379"]
[PlyCount "42"]
[EventDate "2009.??.??"]
[EventType "corr"]
[SourceDate "2004.06.03"]

1. e4 e5 2. Nf3 Nf6 3. Nxe5 d6 4. Nf3 Nxe4 5. Nc3 Nxc3 6. dxc3 Be7 7. Bf4 Nc6
8. Qd2 Bg4 9. O-O-O Qd7 10. Bc4 Be6 11. Bxe6 fxe6 12. Rhe1 O-O 13. h4 a5 14. h5
h6 15. Bg3 a4 16. a3 Ra5 17. Qe2 Bf6 18. Qxe6+ Qxe6 19. Rxe6 Rxh5 20. Re4 b5
21. Rde1 Kf7 1/2-1/2

[Event "21MCRW_F"]
[Site "?"]
[Date "2009.??.??"]
[Round "?"]
[White "Blecha, Miroslav"]
[Black "Contoš, Václav"]
[Result "1/2-1/2"]
[WhiteElo "2387"]
[BlackElo "2472"]
[PlyCount "49"]
[EventDate "2009.??.??"]
[EventType "corr"]
[SourceDate "2004.06.03"]

1. e4 e5 2. Nf3 Nc6 3. Bb5 a6 4. Ba4 Nf6 5. O-O Be7 6. Re1 b5 7. Bb3 d6 8. c3
O-O 9. h3 Nb8 10. d4 Nbd7 11. Nbd2 Bb7 12. Bc2 Re8 13. Nf1 Bf8 14. Ng3 g6 15.
a4 c5 16. d5 c4 17. Bg5 h6 18. Be3 Nc5 19. Qd2 h5 20. Bg5 Be7 21. Bh6 Nfd7 22.
Qe3 Bf6 23. Nf1 Qe7 24. N1d2 Nb6 25. Qe2 1/2-1/2

[Event "21MCRW_F"]
[Site "?"]
[Date "2009.??.??"]
[Round "?"]
[White "Blecha, Miroslav"]
[Black "Fric, Pavel"]
[Result "1/2-1/2"]
[WhiteElo "2387"]
[BlackElo "2431"]
[PlyCount "70"]
[EventDate "2009.??.??"]
[EventType "corr"]
[SourceDate "2004.06.03"]

1. e4 c5 2. Nf3 d6 3. d4 cxd4 4. Nxd4 Nf6 5. Nc3 a6 6. Be3 e6 7. f3 b5 8. g4
Nfd7 9. Qd2 Nb6 10. a4 Nc4 11. Bxc4 bxc4 12. O-O Nd7 13. a5 Bb7 14. Na4 Be7 15.
Ne2 h5 16. g5 O-O 17. h4 d5 18. exd5 Bxd5 19. Nf4 Bc6 20. Qc3 g6 21. Nb6 Rb8
22. Rad1 Qc7 23. Ne2 Qb7 24. Nxd7 Bxd7 25. Bb6 Bc6 26. Kg2 Kh7 27. Rf2 Rbe8 28.
Rd4 Bd5 29. Nf4 f6 30. Nxd5 exd5 31. Rfd2 fxg5 32. Rxd5 gxh4 33. Qxc4 h3+ 34.
Kg3 Qb8+ 35. Bc7 Qa7 1/2-1/2

[Event "21MCRW_F"]
[Site "?"]
[Date "2009.??.??"]
[Round "?"]
[White "Blecha, Miroslav"]
[Black "Jandovský, Viktor"]
[Result "1-0"]
[WhiteElo "2387"]
[BlackElo "2347"]
[PlyCount "67"]
[EventDate "2009.??.??"]
[EventType "corr"]
[SourceDate "2004.06.03"]

1. e4 e6 2. d4 d5 3. Nc3 Nf6 4. e5 Nfd7 5. f4 c5 6. Nf3 Nc6 7. Be3 cxd4 8. Nxd4
Bc5 9. Qd2 O-O 10. g3 a6 11. Bg2 Nxd4 12. Bxd4 b5 13. Ne2 Qc7 14. O-O Bb7 15.
Qe3 Rac8 16. c3 Rfe8 17. Bxc5 Nxc5 18. Nd4 h6 19. a3 Qe7 20. Rad1 Rc7 21. Bf3
Na4 22. Rf2 Qc5 23. Re1 Nb6 24. Qd3 Bc8 25. h4 Qc4 26. Qb1 Qc5 27. g4 Bd7 28.
g5 hxg5 29. fxg5 Rf8 30. h5 Nc4 31. h6 Qe7 32. hxg7 Kxg7 33. Bh5 Be8 34. Qd1
1-0

[Event "21MCRW_F"]
[Site "?"]
[Date "2009.??.??"]
[Round "?"]
[White "Blecha, Miroslav"]
[Black "Kýhos, Alois"]
[Result "1/2-1/2"]
[WhiteElo "2387"]
[BlackElo "2457"]
[PlyCount "83"]
[EventDate "2009.??.??"]
[EventType "corr"]
[SourceDate "2004.06.03"]

1. e4 e5 2. Nf3 d6 3. d4 exd4 4. Nxd4 Nf6 5. Nc3 Be7 6. Bf4 O-O 7. Qd2 c6 8.
Be2 d5 9. exd5 Nxd5 10. Nxd5 Qxd5 11. Bf3 Qc4 12. b3 Qc5 13. O-O Nd7 14. Rfe1
Bf6 15. c3 Ne5 16. Be4 a5 17. h3 Ng6 18. Bc7 Bd7 19. Rad1 Rac8 20. Bg3 Rcd8 21.
Qc2 Rfe8 22. Re3 Nf8 23. Bc7 Rc8 24. Bf4 Rcd8 25. Nf3 Be6 26. Rde1 Ng6 27. Bxg6
hxg6 28. Be5 Qf8 29. Qe2 b5 30. h4 Bg4 31. Bxf6 Rxe3 32. Qxe3 gxf6 33. Nh2 Be6
34. Qb6 Rd2 35. Qxc6 Rxa2 36. Nf3 Qa3 37. Nd4 Qb2 38. Qf3 Ra1 39. Rxa1 Qxa1+
40. Kh2 Qe1 41. Qxf6 Qxc3 42. h5 1/2-1/2

[Event "21MCRW_F"]
[Site "?"]
[Date "2009.??.??"]
[Round "?"]
[White "Blecha, Miroslav"]
[Black "Sýkora, Josef"]
[Result "1-0"]
[WhiteElo "2387"]
[BlackElo "2373"]
[PlyCount "133"]
[EventDate "2009.??.??"]
[EventType "corr"]
[SourceDate "2004.06.03"]

1. e4 e5 2. Nf3 Nc6 3. Bb5 a6 4. Ba4 Nf6 5. O-O Be7 6. Re1 b5 7. Bb3 O-O 8. c3
d6 9. h3 Na5 10. Bc2 c5 11. d4 cxd4 12. cxd4 Bb7 13. d5 Rc8 14. Nbd2 Qc7 15.
Bd3 Nd7 16. Nf1 f5 17. Ng3 f4 18. Nf5 Bd8 19. b3 g6 20. Nh6+ Kg7 21. Ng4 h5 22.
Ngh2 Nc5 23. Ba3 Qb6 24. Bb4 Bf6 25. Qb1 Nxd3 26. Qxd3 Ba8 27. a4 Nb7 28. axb5
axb5 29. Qe2 Kh6 30. Ra3 Nc5 31. Rea1 Rb8 32. Nd2 Rfc8 33. Nb1 Bb7 34. Ba5 Qa6
35. Bd8 Bxd8 36. Rxa6 Bxa6 37. Nd2 Ra8 38. b4 Na4 39. g4 fxg3 40. fxg3 Bb6+ 41.
Kh1 Rc3 42. g4 Be3 43. gxh5 gxh5 44. Ndf3 Rg8 45. Qe1 Bc8 46. Qh4 Rg6 47. Ng4+
Bxg4 48. hxg4 Rxg4 49. Qf6+ Kh7 50. Qxd6 Bf4 51. Qe7+ Kh6 52. Qf6+ Kh7 53. Qf5+
Kh6 54. Rf1 Nb2 55. Nh2 Rh3 56. Rf2 Nc4 57. Ra2 Be3 58. Ra6+ Nb6 59. Qf6+ Rg6
60. Qf8+ Kg5 61. Qf5+ Kh6 62. Ra1 Rhg3 63. Nf3 Nd7 64. Nh4 Rg7 65. Ra6+ Nb6 66.
Nf3 Bf2 67. d6 1-0

[Event "21MCRW_F"]
[Site "?"]
[Date "2009.??.??"]
[Round "?"]
[White "Blecha, Miroslav"]
[Black "Volek, Stanislav"]
[Result "1-0"]
[WhiteElo "2387"]
[BlackElo "2308"]
[PlyCount "93"]
[EventDate "2009.??.??"]
[EventType "corr"]
[SourceDate "2004.06.03"]

1. e4 e6 2. d4 d5 3. Nc3 Bb4 4. e5 c5 5. a3 Bxc3+ 6. bxc3 Ne7 7. a4 Qa5 8. Bd2
Nbc6 9. Nf3 Bd7 10. Be2 f6 11. c4 Qc7 12. exf6 gxf6 13. cxd5 Nxd5 14. dxc5
O-O-O 15. a5 a6 16. O-O Rhg8 17. c4 Nf4 18. Bxf4 Qxf4 19. Qb3 Qc7 20. Rfd1 e5
21. Rd6 Bg4 22. Rad1 Nxa5 23. Qe3 Kb8 24. R1d5 Rdf8 25. Nd2 Bxe2 26. Qxe2 Nc6
27. Rd7 Qc8 28. Rxh7 Rd8 29. g3 Rh8 30. Rxh8 Rxh8 31. h4 Qg8 32. Kh2 Nd4 33.
Qe4 Qg7 34. Rd6 Ka7 35. Nf3 Nc6 36. Qf5 Rf8 37. h5 a5 38. Rd7 Rf7 39. Rxf7 Qxf7
40. h6 a4 41. Kg2 a3 42. Qd3 a2 43. Qa3+ Kb8 44. Qxa2 Qg6 45. Qd2 Kc8 46. Qc1
Qh7 47. Qh1 1-0

[Event "21MCRW_F"]
[Site "?"]
[Date "2009.??.??"]
[Round "?"]
[White "Bucek, Jirí"]
[Black "Contoš, Václav"]
[Result "1-0"]
[WhiteElo "2379"]
[BlackElo "2472"]
[PlyCount "61"]
[EventDate "2009.??.??"]
[EventType "corr"]
[SourceDate "2004.06.03"]

1. e4 c6 2. d4 d5 3. e5 Bf5 4. Nf3 e6 5. Be2 Nd7 6. O-O Ne7 7. Nh4 Bg6 8. Nd2
c5 9. c3 Nc6 10. Nxg6 hxg6 11. Nf3 Be7 12. Be3 O-O 13. g3 Re8 14. Kg2 Rc8 15.
h4 cxd4 16. cxd4 Nb6 17. b3 Nb4 18. Bd2 Qc7 19. Rc1 Qd7 20. a3 Rxc1 21. Bxc1
Nc6 22. h5 gxh5 23. Rh1 g6 24. Ng5 Bf8 25. g4 Bg7 26. gxh5 f6 27. exf6 Bxf6 28.
Qd3 Rf8 29. Bg4 Bxg5 30. Qxg6+ Qg7 31. Bxe6+ 1-0

[Event "21MCRW_F"]
[Site "?"]
[Date "2009.??.??"]
[Round "?"]
[White "Bucek, Jirí"]
[Black "Cvak, Rudolf"]
[Result "1-0"]
[WhiteElo "2379"]
[BlackElo "2328"]
[PlyCount "65"]
[EventDate "2009.??.??"]
[EventType "corr"]
[SourceDate "2004.06.03"]

1. e4 e5 2. Nf3 Nf6 3. Nxe5 d6 4. Nf3 Nxe4 5. d4 d5 6. Bd3 Nc6 7. O-O Be7 8.
Nc3 f5 9. Ne2 O-O 10. c4 Be6 11. Nf4 Qd6 12. Qa4 dxc4 13. Nxe6 cxd3 14. Nxf8
Bf6 15. Nxh7 Kxh7 16. Qb5 Kg6 17. Qxb7 Rb8 18. Qa6 Nb4 19. Qxa7 Rh8 20. Be3 f4
21. Bc1 Nc2 22. Qb7 c6 23. Qb3 Bxd4 24. Rb1 Kf6 25. Qc4 Rh5 26. a4 Rf5 27. Bd2
Rc5 28. Qg8 Rf5 29. Rbd1 Qe7 30. h3 Qc5 31. Bc3 Bxc3 32. Rxd3 Bb4 33. Rd7 1-0

[Event "21MCRW_F"]
[Site "?"]
[Date "2009.??.??"]
[Round "?"]
[White "Bucek, Jirí"]
[Black "Fric, Pavel"]
[Result "1/2-1/2"]
[WhiteElo "2379"]
[BlackElo "2431"]
[PlyCount "69"]
[EventDate "2009.??.??"]
[EventType "corr"]
[SourceDate "2004.06.03"]

1. e4 c5 2. Nf3 d6 3. d4 cxd4 4. Nxd4 Nf6 5. Nc3 a6 6. Be3 e5 7. Nb3 Be6 8. f3
Be7 9. Qd2 O-O 10. O-O-O b5 11. g4 Nbd7 12. g5 b4 13. Ne2 Ne8 14. f4 a5 15. f5
a4 16. Nbd4 exd4 17. Nxd4 b3 18. Kb1 bxc2+ 19. Nxc2 Bb3 20. axb3 axb3 21. Na3
Ne5 22. h4 Ra4 23. Bd4 Qa8 24. Qe3 Bd8 25. Rh3 Nc7 26. Rg3 Nc6 27. Bb6 Ne5 28.
Qxb3 Qxe4+ 29. Nc2 Qxh4 30. g6 Rf4 31. Rh3 Qg5 32. Ne3 h6 33. Be2 d5 34. Qc2
Re4 35. Bc5 1/2-1/2

[Event "21MCRW_F"]
[Site "?"]
[Date "2009.??.??"]
[Round "?"]
[White "Bucek, Jirí"]
[Black "Hladecek, Miloslav"]
[Result "1-0"]
[WhiteElo "2379"]
[BlackElo "2422"]
[PlyCount "107"]
[EventDate "2009.??.??"]
[EventType "corr"]
[SourceDate "2004.06.03"]

1. c4 e5 2. Nc3 Nc6 3. g3 Bc5 4. Bg2 Nf6 5. e3 O-O 6. a3 d6 7. Nge2 Bb6 8. O-O
Bf5 9. d4 Na5 10. b3 Qd7 11. Ra2 c6 12. Rd2 Qe6 13. d5 Qe7 14. h3 h5 15. e4 Bd7
16. Na4 Bc7 17. dxc6 bxc6 18. Rd3 Qe6 19. f4 Rfd8 20. f5 Qe7 21. Bg5 Rab8 22.
Qc2 c5 23. Nac3 Bc6 24. Rb1 Rdc8 25. Qa2 a6 26. Bf3 Ba8 27. Bxh5 Bd8 28. Bf3
Qd7 29. Bxf6 Bxf6 30. Nd5 Bxd5 31. Rxd5 Nc6 32. Rd3 Nd4 33. Nc3 Qa7 34. Nd5 a5
35. Bd1 Be7 36. h4 Rb7 37. a4 Rbb8 38. Qd2 Re8 39. g4 Nc6 40. g5 Nb4 41. Rg3
Nxd5 42. exd5 Qd7 43. Bh5 Bd8 44. f6 Rb7 45. Bg4 Qc7 46. Rf1 Qb6 47. g6 Qb4 48.
Qg5 Bxf6 49. gxf7+ Rxf7 50. Qg6 Ree7 51. Be6 Kf8 52. Qh5 Kg8 53. Rg2 Rxe6 54.
dxe6 1-0

[Event "21MCRW_F"]
[Site "?"]
[Date "2009.??.??"]
[Round "?"]
[White "Bucek, Jirí"]
[Black "Kuta, Jirí"]
[Result "1/2-1/2"]
[WhiteElo "2379"]
[BlackElo "2438"]
[PlyCount "56"]
[EventDate "2009.??.??"]
[EventType "corr"]
[SourceDate "2004.06.03"]

1. e4 c5 2. Nf3 Nc6 3. d4 cxd4 4. Nxd4 Nf6 5. Nc3 e5 6. Ndb5 d6 7. Bg5 a6 8.
Na3 b5 9. Bxf6 gxf6 10. Nd5 f5 11. Bd3 Be6 12. O-O Bxd5 13. exd5 Ne7 14. Nxb5
Bg7 15. Nc3 e4 16. Bc4 Ng6 17. Qh5 Bxc3 18. bxc3 Qf6 19. Qh6 Qxc3 20. Be2 Rg8
21. Rab1 Qe5 22. g3 Rg7 23. Rb6 Kf8 24. Rfb1 f4 25. Kf1 Re8 26. gxf4 Nxf4 27.
Qxd6+ Qxd6 28. Rxd6 Rg2 1/2-1/2

[Event "21MCRW_F"]
[Site "?"]
[Date "2009.??.??"]
[Round "?"]
[White "Bucek, Jirí"]
[Black "Kýhos, Alois"]
[Result "1-0"]
[WhiteElo "2379"]
[BlackElo "2457"]
[PlyCount "101"]
[EventDate "2009.??.??"]
[EventType "corr"]
[SourceDate "2004.06.03"]

1. e4 e5 2. Nf3 d6 3. d4 exd4 4. Nxd4 Nf6 5. Nc3 Be7 6. g3 O-O 7. Bg2 Bg4 8. f3
Bd7 9. O-O Nc6 10. Nxc6 Bxc6 11. Be3 Bd7 12. Ne2 c6 13. Qd3 Re8 14. Rfe1 Qc7
15. Nf4 a5 16. Bd4 b5 17. Rad1 Rad8 18. c4 b4 19. Qe3 Rb8 20. c5 dxc5 21. Bxc5
Bxc5 22. Qxc5 b3 23. a3 Rb5 24. Qd4 Rd8 25. Bf1 Rbb8 26. Qc5 Be8 27. Bc4 Rxd1
28. Rxd1 a4 29. e5 Nd7 30. Qe7 Qb6+ 31. Kg2 Qc5 32. Rxd7 Qxc4 33. Rd2 Qc1 34.
Qd6 Ra8 35. Ne2 Qb1 36. Nc3 Qf5 37. Qc7 f6 38. Qb7 Qc8 39. Qxc8 Rxc8 40. exf6
gxf6 41. Nxa4 c5 42. Nc3 c4 43. Kf2 Rc6 44. Ke3 Kf7 45. Rd5 Kg6 46. Rd8 Bf7 47.
Kd4 Kg7 48. Rd7 h6 49. f4 Kf8 50. a4 Be6 51. Rb7 1-0

[Event "21MCRW_F"]
[Site "?"]
[Date "2009.??.??"]
[Round "?"]
[White "Bucek, Jirí"]
[Black "Pravec, Ladislav"]
[Result "1-0"]
[WhiteElo "2379"]
[BlackElo "2328"]
[PlyCount "113"]
[EventDate "2009.??.??"]
[EventType "corr"]
[SourceDate "2004.06.03"]

1. e4 c5 2. Nf3 Nc6 3. d4 cxd4 4. Nxd4 Nf6 5. Nc3 e5 6. Ndb5 d6 7. Bg5 a6 8.
Na3 b5 9. Bxf6 gxf6 10. Nd5 f5 11. Bd3 Be6 12. O-O Bxd5 13. exd5 Ne7 14. Nxb5
Bg7 15. Nc3 e4 16. Bc4 Ng6 17. Qh5 Bxc3 18. bxc3 Qf6 19. Qh6 Qxc3 20. Be2 Rg8
21. Rab1 Qg7 22. Qxg7 Rxg7 23. f4 f6 24. c4 Rc7 25. g3 Nf8 26. Kf2 Nd7 27. Rg1
Nc5 28. Ke3 Rg7 29. Rb6 Rd8 30. Kd4 Rb7 31. Rxb7 Nxb7 32. Rb1 Nc5 33. Rb6 Ke7
34. Bf1 h5 35. Bh3 h4 36. Bxf5 hxg3 37. hxg3 Rh8 38. Bxe4 Rh2 39. Bb1 Rg2 40.
Rc6 Rxg3 41. Rxc5 dxc5+ 42. Kxc5 Rf3 43. d6+ Kd8 44. f5 Rc3 45. Kd5 Rc1 46. Be4
Rd1+ 47. Kc6 Ra1 48. c5 Rxa2 49. Bd3 Ra3 50. Bc4 Ra4 51. Be6 Ra1 52. Kb6 Rb1+
53. Kxa6 Ra1+ 54. Kb6 Rb1+ 55. Ka5 Ra1+ 56. Kb4 Rb1+ 57. Bb3 1-0

[Event "21MCRW_F"]
[Site "?"]
[Date "2009.??.??"]
[Round "?"]
[White "Contoš, Václav"]
[Black "Cvak, Rudolf"]
[Result "1-0"]
[WhiteElo "2472"]
[BlackElo "2328"]
[PlyCount "127"]
[EventDate "2009.??.??"]
[EventType "corr"]
[SourceDate "2004.06.03"]

1. d4 Nf6 2. c4 g6 3. Nc3 Bg7 4. e4 d6 5. f3 O-O 6. Be3 Nc6 7. Qd2 a6 8. Nge2
Rb8 9. Nc1 e5 10. d5 Nd4 11. Nb3 Nxb3 12. axb3 c5 13. b4 cxb4 14. Na4 b5 15.
Qxb4 Bd7 16. cxb5 Bxb5 17. Bxb5 Rxb5 18. Qd2 Qb8 19. O-O Nh5 20. Rfb1 f5 21.
Nc3 Rb4 22. Rxa6 Nf6 23. Qc2 fxe4 24. Nxe4 Nxd5 25. Bf2 Rd8 26. Qd2 Nf4 27.
Rxd6 Rxd6 28. Nxd6 Bf8 29. Ne4 Qb5 30. Be3 Ne2+ 31. Kh1 Nd4 32. h3 Rc4 33. Ra1
Rc2 34. Qd1 Rxb2 35. Ra7 Qc6 36. Qa1 Rb7 37. Qa2+ Kg7 38. Bg5 Be7 39. Bxe7 Qc1+
40. Kh2 Qf4+ 41. Ng3 Nf5 42. Bf6+ Kxf6 43. Qa6+ Kg5 44. Rxb7 Nxg3 45. Qa1 h5
46. Qe1 Nf5+ 47. Kh1 Ng3+ 48. Kg1 Qd4+ 49. Kh2 h4 50. Rf7 Nf5 51. Qc1+ Qf4+ 52.
Qxf4+ exf4 53. Kg1 Nd6 54. Rf8 Nf5 55. Kf2 Ne3 56. Rf7 Nf5 57. Ke2 Kh6 58. Kd3
Kg5 59. Ra7 Ng3 60. Rh7 Nf5 61. Ke4 Ne3 62. Rd7 Nxg2 63. Ke5 Ne3 64. Rd4 1-0

[Event "21MCRW_F"]
[Site "?"]
[Date "2009.??.??"]
[Round "?"]
[White "Contoš, Václav"]
[Black "Hladecek, Miloslav"]
[Result "1/2-1/2"]
[WhiteElo "2472"]
[BlackElo "2422"]
[PlyCount "61"]
[EventDate "2009.??.??"]
[EventType "corr"]
[SourceDate "2004.06.03"]

1. e4 e6 2. d4 d5 3. Nc3 Nf6 4. e5 Nfd7 5. f4 c5 6. Nf3 Nc6 7. Be3 Qb6 8. Be2
cxd4 9. Nxd4 Bc5 10. Na4 Qa5+ 11. c3 Nxd4 12. Nxc5 Nxe2 13. Qxe2 Nxc5 14. b4
Qa4 15. bxc5 O-O 16. O-O b6 17. Rfb1 Ba6 18. Qd2 bxc5 19. Bxc5 Rfc8 20. Bd4 h6
21. Rb4 Qe8 22. g4 Bc4 23. Kf2 a5 24. Rb2 Rcb8 25. Rab1 Rxb2 26. Rxb2 Rb8 27.
Kg3 Qc8 28. Qc2 Rb5 29. Rxb5 Bxb5 30. Qb3 Qa6 31. f5 1/2-1/2

[Event "21MCRW_F"]
[Site "?"]
[Date "2009.??.??"]
[Round "?"]
[White "Contoš, Václav"]
[Black "Izing, Štefan"]
[Result "1/2-1/2"]
[WhiteElo "2472"]
[BlackElo "2113"]
[PlyCount "115"]
[EventDate "2009.??.??"]
[EventType "corr"]
[SourceDate "2004.06.03"]

1. e4 c5 2. Ne2 Nf6 3. Nbc3 d5 4. exd5 Nxd5 5. Nxd5 Qxd5 6. Nc3 Qe5+ 7. Be2 Bg4
8. d3 Bxe2 9. Qxe2 Qxe2+ 10. Nxe2 Nc6 11. Be3 e5 12. O-O-O O-O-O 13. g4 h5 14.
h3 g6 15. Ng3 f5 16. Bg5 Be7 17. Bxe7 Nxe7 18. gxf5 gxf5 19. Rde1 h4 20. Nf1
Ng6 21. Ne3 Rhf8 22. Nc4 e4 23. dxe4 fxe4 24. Rh2 b5 25. Nd2 Nf4 26. Nxe4 c4
27. b3 cxb3 28. axb3 Kc7 29. Ng5 a5 30. f3 Rde8 31. Ne4 a4 32. bxa4 bxa4 33.
Kb2 Re6 34. Re3 Rc6 35. Rd2 Re8 36. Rd4 Nxh3 37. Rxa4 Nf2 38. Ra7+ Kb6 39. Rd7
Nxe4 40. fxe4 Rg6 41. e5 Rg3 42. Rxg3 hxg3 43. Rg7 Rxe5 44. Rxg3 Kc5 45. c3 Rf5
46. Kb3 Kb5 47. Rg8 Kc5 48. Rc8+ Kd6 49. Kb4 Kd7 50. Rc5 Rf1 51. Rh5 Rf6 52. c4
Kc7 53. Kb5 Rg6 54. c5 Rf6 55. Rh7+ Kc8 56. c6 Rf1 57. Kb6 Rb1+ 58. Kc5 1/2-1/2

[Event "21MCRW_F"]
[Site "?"]
[Date "2009.??.??"]
[Round "?"]
[White "Contoš, Václav"]
[Black "Kuta, Jirí"]
[Result "1/2-1/2"]
[WhiteElo "2472"]
[BlackElo "2438"]
[PlyCount "79"]
[EventDate "2009.??.??"]
[EventType "corr"]
[SourceDate "2004.06.03"]

1. e4 c5 2. Nf3 Nc6 3. d4 cxd4 4. Nxd4 Nf6 5. Nc3 e5 6. Ndb5 d6 7. Bg5 a6 8.
Na3 b5 9. Bxf6 gxf6 10. Nd5 f5 11. Bd3 Be6 12. O-O Bxd5 13. exd5 Ne7 14. Nxb5
Bg7 15. Nc3 e4 16. Bc4 Qa5 17. Qd2 Rc8 18. Bb3 Bxc3 19. bxc3 Rg8 20. f3 Qc5+
21. Qd4 e3 22. f4 Qxc3 23. Qxc3 Rxc3 24. Rae1 Kd8 25. Rf3 Ng6 26. Rfxe3 Rxe3
27. Rxe3 Nxf4 28. g3 Nh5 29. Kf2 f4 30. gxf4 Rg4 31. Re4 Rxf4+ 32. Ke3 Rxe4+
33. Kxe4 h6 34. Bc4 a5 35. Kf5 Ke7 36. Bb5 Nf6 37. c4 Nh7 38. Ba4 Nf8 39. Ke4
Nh7 40. Kf5 1/2-1/2

[Event "21MCRW_F"]
[Site "?"]
[Date "2009.??.??"]
[Round "?"]
[White "Contoš, Václav"]
[Black "Kýhos, Alois"]
[Result "1/2-1/2"]
[WhiteElo "2472"]
[BlackElo "2457"]
[PlyCount "51"]
[EventDate "2009.??.??"]
[EventType "corr"]
[SourceDate "2004.06.03"]

1. c4 e5 2. Nc3 Nf6 3. g3 Bb4 4. Bg2 O-O 5. Nf3 Nc6 6. O-O e4 7. Ng5 Bxc3 8.
bxc3 Re8 9. f3 exf3 10. Nxf3 d5 11. d4 Ne4 12. Qc2 dxc4 13. Ne5 Nxe5 14. Qxe4
Ng4 15. Qf3 Qf6 16. Qd5 c6 17. Qxc4 Qg6 18. e4 Qh5 19. h3 Nf6 20. g4 Qg6 21. e5
Be6 22. Qe2 Bd5 23. Rf5 Bxg2 24. Kxg2 Nd7 25. Be3 Qe6 26. Qc2 1/2-1/2

[Event "21MCRW_F"]
[Site "?"]
[Date "2009.??.??"]
[Round "?"]
[White "Contoš, Václav"]
[Black "Pravec, Ladislav"]
[Result "1/2-1/2"]
[WhiteElo "2472"]
[BlackElo "2328"]
[PlyCount "53"]
[EventDate "2009.??.??"]
[EventType "corr"]
[SourceDate "2004.06.03"]

1. d4 Nf6 2. c4 e6 3. Nc3 Bb4 4. f3 d5 5. a3 Bxc3+ 6. bxc3 c5 7. cxd5 Nxd5 8.
Qd3 cxd4 9. cxd4 Nc6 10. e4 Nb6 11. Be3 O-O 12. f4 f5 13. Nf3 fxe4 14. Qxe4 Qd5
15. Qc2 Ne7 16. Bd3 Nf5 17. Bf2 Bd7 18. O-O Rac8 19. Qe2 Nd6 20. Rfc1 Nbc4 21.
Ne5 Bb5 22. a4 Nxe5 23. Bxb5 Nxb5 24. axb5 Rxc1+ 25. Rxc1 Nd7 26. Qe3 Nb6 27.
g3 1/2-1/2

[Event "21MCRW_F"]
[Site "?"]
[Date "2009.??.??"]
[Round "?"]
[White "Contoš, Václav"]
[Black "Valák, Alois"]
[Result "1/2-1/2"]
[WhiteElo "2472"]
[BlackElo "2370"]
[PlyCount "87"]
[EventDate "2009.??.??"]
[EventType "corr"]
[SourceDate "2004.06.03"]

1. d4 Nf6 2. c4 e6 3. Nc3 Bb4 4. Qc2 O-O 5. a3 Bxc3+ 6. Qxc3 b6 7. Nf3 Bb7 8.
e3 d6 9. Be2 a5 10. b3 Ne4 11. Qc2 f5 12. O-O Nd7 13. Bb2 Qe7 14. Ne1 e5 15.
Nd3 Qg5 16. f4 exf4 17. exf4 Qg6 18. Bf3 Rfe8 19. d5 c6 20. dxc6 Bxc6 21. Rae1
Ndc5 22. Re3 Ra7 23. Nc1 Rc7 24. Qd1 Qf7 25. Ne2 a4 26. b4 Nb3 27. Bxe4 Bxe4
28. Nc3 Rxc4 29. Qxd6 Rc6 30. Qd1 Rcc8 31. Nxe4 fxe4 32. Rfe1 Rcd8 33. Qg4 h5
34. Qg5 Rd5 35. Be5 Nd2 36. h3 Nc4 37. Rxe4 b5 38. Qg3 Kh7 39. Kh2 Qg6 40. Qf2
Qf5 41. R4e2 Rd3 42. Ba1 Rxe2 43. Rxe2 Qf7 44. Bd4 1/2-1/2

[Event "21MCRW_F"]
[Site "?"]
[Date "2009.??.??"]
[Round "?"]
[White "Cvak, Rudolf"]
[Black "Blecha, Miroslav"]
[Result "0-1"]
[WhiteElo "2328"]
[BlackElo "2387"]
[PlyCount "116"]
[EventDate "2009.??.??"]
[EventType "corr"]
[SourceDate "2004.06.03"]

1. e4 c5 2. Nf3 d6 3. d4 cxd4 4. Nxd4 Nf6 5. Nc3 a6 6. Bc4 e6 7. O-O Be7 8. Be3
O-O 9. Qe2 b5 10. Bb3 Bb7 11. f3 Nc6 12. a3 Qc7 13. Qf2 Ne5 14. Qg3 Nc4 15.
Bxc4 bxc4 16. Rab1 Nd7 17. Rfd1 Bf6 18. Rbc1 Be5 19. Qh3 Nc5 20. b4 cxb3 21.
cxb3 Rfc8 22. Nce2 Qd8 23. b4 Na4 24. f4 Bf6 25. Nxe6 Rxc1 26. Nxc1 Qc8 27. e5
dxe5 28. fxe5 Nb2 29. Re1 Bxe5 30. Bd4 Bxd4+ 31. Nxd4 Qxh3 32. gxh3 Kf8 33.
Ncb3 Rd8 34. Rc1 Nd3 35. Rc7 Bd5 36. Nc5 Nxc5 37. bxc5 Bc4 38. Nf3 Rd3 39. Ne5
Rd1+ 40. Kf2 Be6 41. c6 Rd2+ 42. Kg3 Ra2 43. Ra7 Rxa3+ 44. Kf4 Rc3 45. Rxa6 Ke7
46. Ra7+ Kf6 47. h4 Rc2 48. h5 Rxh2 49. Ng4+ Bxg4 50. Kxg4 Rc2 51. c7 Rc4+ 52.
Kf3 Kg5 53. Ke3 Kxh5 54. Kd3 Rc1 55. Ke4 g5 56. Ke5 g4 57. Kd6 g3 58. Ra1 Rc2
0-1

[Event "21MCRW_F"]
[Site "?"]
[Date "2009.??.??"]
[Round "?"]
[White "Cvak, Rudolf"]
[Black "Hladecek, Miloslav"]
[Result "0-1"]
[WhiteElo "2328"]
[BlackElo "2422"]
[PlyCount "72"]
[EventDate "2009.??.??"]
[EventType "corr"]
[SourceDate "2004.06.03"]

1. e4 e6 2. d4 d5 3. e5 c5 4. Nc3 cxd4 5. Nb5 Nc6 6. Nf3 Bc5 7. a3 Nge7 8. Bd3
a6 9. b4 axb5 10. bxc5 Ng6 11. Bb2 Ngxe5 12. Nxe5 Nxe5 13. Bxb5+ Bd7 14. a4
Qa5+ 15. Qd2 Bxb5 16. Qxa5 Rxa5 17. axb5 Rxa1+ 18. Bxa1 Nc4 19. Bxd4 e5 20. Bc3
Kd7 21. Ke2 Na3 22. b6 Kc6 23. Ra1 Nc4 24. Bb4 Kb5 25. c3 Rd8 26. Kd3 e4+ 27.
Kd4 Kc6 28. Ra2 f5 29. f4 exf3 30. gxf3 Re8 31. Rf2 f4 32. Kd3 Re3+ 33. Kc2 g5
34. h4 gxh4 35. Rh2 Rxf3 36. Rxh4 Rf2+ 0-1

[Event "21MCRW_F"]
[Site "?"]
[Date "2009.??.??"]
[Round "?"]
[White "Cvak, Rudolf"]
[Black "Izing, Štefan"]
[Result "1/2-1/2"]
[WhiteElo "2328"]
[BlackElo "2113"]
[PlyCount "69"]
[EventDate "2009.??.??"]
[EventType "corr"]
[SourceDate "2004.06.03"]

1. e4 e5 2. Nf3 Nc6 3. Bb5 a6 4. Ba4 Nf6 5. O-O Be7 6. Re1 b5 7. Bb3 d6 8. c3
O-O 9. h3 Bb7 10. d4 Re8 11. Nbd2 Bf8 12. a4 h6 13. Bc2 exd4 14. cxd4 Nb4 15.
Bb1 c5 16. d5 Nd7 17. Ra3 c4 18. Nd4 Qf6 19. N2f3 Nc5 20. axb5 axb5 21. Nxb5
Rxa3 22. Nxa3 Ba6 23. Re3 Rb8 24. e5 dxe5 25. Nxe5 Ncd3 26. Ng4 Qd4 27. Nc2
Nxc2 28. Bxc2 h5 29. Ne5 Qxd5 30. b3 Bb7 31. Nf3 Nxc1 32. Qxc1 Bc5 33. Rc3 Re8
34. Rxc4 Bb6 35. Qd1 1/2-1/2

[Event "21MCRW_F"]
[Site "?"]
[Date "2009.??.??"]
[Round "?"]
[White "Cvak, Rudolf"]
[Black "Jirku, Jaroslav"]
[Result "0-1"]
[WhiteElo "2328"]
[BlackElo "2332"]
[PlyCount "96"]
[EventDate "2009.??.??"]
[EventType "corr"]
[SourceDate "2004.06.03"]

1. e4 c5 2. Nf3 d6 3. d4 cxd4 4. Nxd4 Nf6 5. Nc3 a6 6. Bc4 e6 7. O-O Be7 8. Be3
O-O 9. Qe2 b5 10. Bb3 Re8 11. f4 b4 12. Na4 Bd7 13. c3 Nc6 14. Nxc6 Bxc6 15. f5
Kh8 16. cxb4 Bb5 17. Qf3 Bxf1 18. Rxf1 d5 19. e5 Nd7 20. Qh5 Qc7 21. Qxf7 Nxe5
22. Qxe6 Bg5 23. Qb6 Bxe3+ 24. Qxe3 Ng4 25. Qg3 Qxg3 26. hxg3 Ne3 27. Rf4 Rac8
28. Nc5 a5 29. a3 axb4 30. axb4 Re5 31. g4 g5 32. Rd4 h5 33. gxh5 Rxf5 34. Rd3
Re8 35. Ba4 Ree5 36. Ra3 Rf1+ 37. Kh2 Rf2 38. Bd7 Rxb2 39. Kg3 Kh7 40. b5 d4
41. Ne6 Nf1+ 42. Kf3 Nd2+ 43. Kg4 Ne4 44. Nxg5+ Nxg5 45. Bf5+ Rxf5 46. Kxf5
Rxb5+ 47. Kg4 Rd5 48. Ra7+ Kg8 0-1

[Event "21MCRW_F"]
[Site "?"]
[Date "2009.??.??"]
[Round "?"]
[White "Cvak, Rudolf"]
[Black "Kuta, Jirí"]
[Result "1/2-1/2"]
[WhiteElo "2328"]
[BlackElo "2438"]
[PlyCount "45"]
[EventDate "2009.??.??"]
[EventType "corr"]
[SourceDate "2004.06.03"]

1. e4 c5 2. Nf3 Nc6 3. d4 cxd4 4. Nxd4 Nf6 5. Nc3 e5 6. Ndb5 d6 7. Bg5 a6 8.
Na3 b5 9. Bxf6 gxf6 10. Nd5 f5 11. c3 Bg7 12. exf5 Bxf5 13. Nc2 Be6 14. g3 O-O
15. Bg2 a5 16. O-O f5 17. Nf4 exf4 18. Bxc6 fxg3 19. hxg3 f4 20. Bxa8 Qxa8 21.
g4 Bxg4 22. f3 Bh5 23. Nd4 1/2-1/2